Velká kniha o kresbě a malbě aktu /

Main Author: Calbó, Muntsa, 1963-
Language: Czech
Published: Praha : Svojtka a Vašut, 1996
Physical Description: 192 s. : barev. il. ; 28 cm
Book
Saved in:
LEADER 01321nam a2200397 a 4500
001 000110970
003 CZ BrMZK
005 20180115115630.0
007 ta
008 960815s1996 xr a e f cze d
015 |a cnb000184950 
020 |a 80-7180-079-1 
035 |a (OCoLC)38971393 
040 |a BOA001  |b cze 
041 1 |a cze  |h spa 
072 7 |a 7.01/.09  |x Umění  |2 Konspekt  |9 21 
080 |a 7.041.3  |2 MRF 
080 |a 75  |2 MRF 
080 |a 741/744  |2 MRF 
080 |a (035)  |2 MRF 
080 |a (084.11)  |2 MRF 
100 1 |a Calbó, Muntsa,  |d 1963-  |7 xx0012599  |4 aut 
245 1 0 |a Velká kniha o kresbě a malbě aktu /  |c [Muntsa Calbó i Angrill] 
260 |a Praha :  |b Svojtka a Vašut,  |c 1996 
300 |a 192 s. :  |b barev. il. ;  |c 28 cm 
500 |a Přeloženo ze španělštiny 
650 0 7 |a akty  |7 ph180936  |2 czenas 
650 0 7 |a kresba  |7 ph121940  |2 czenas 
650 0 7 |a malba  |7 ph115206  |2 czenas 
655 7 |a příručky  |7 fd133209  |2 czenas 
655 7 |a obrazové publikace  |7 fd132947  |2 czenas 
910 |a BOA001  |b 4-1027.206  |b PK-N-0032.806 
920 |a 000115085 
990 |a BK 
996 6 |b 2610045014  |c 4-1027.206  |l MZK  |r Sklad / do 1 hodiny  |n 3  |p p.v.  |w 000110970  |u 000010  |a 1  |e BOA001  |j MZK50  |s P 
996 7 |b 3119006033  |c PK-N-0032.806  |l MZK  |r Sklad / do 1 hodiny  |n 24  |p kup  |w 000110970  |u 000020  |a 1  |e BOA001  |j MZK50  |s A